000
00319nam a22001457a 4500
008
231025b ||||| |||| 00| 0 eng d
020
_a
9780521339070
041
_a
eng
080
_a
521
082
_a
521WAL
100
_a
19
101
_a
ASTRO
245
_a
ASTRONOMICAL OBSERVATIONS
_c
WALKER.G
942
_2
udc
_c
BK
999
_c
60458
_d
60458